| 000 | 00825cam a22002653a 4500 | ||
|---|---|---|---|
| 001 | 10592 | ||
| 003 | PGUSA | ||
| 005 | 20140828083226.0 | ||
| 008 | 040101s2004||||xxu|||||s|||||000 | eng d | ||
| 040 |
_aPGUSA _beng |
||
| 042 | _adc | ||
| 050 | 4 | _aPS | |
| 100 | 1 |
_aGrayson, David, _d1870-1946 |
|
| 245 | 1 | 0 |
_aAdventures in Friendship _h[electronic resource] / _cDavid Grayson |
| 260 |
_bProject Gutenberg, _c2004 |
||
| 506 | _aPublic domain in the USA. | ||
| 516 | _aElectronic text | ||
| 653 | _aGrayson, David, 1870-1946 | ||
| 653 | _aAuthors, American -- 20th century -- Biography | ||
| 653 | _aAmherst Region (Mass.) -- Social life and customs | ||
| 653 | _aFarm life -- Massachusetts -- Amherst Region | ||
| 830 | 0 |
_aProject Gutenberg _v10592 |
|
| 856 | 4 | 0 | _uhttp://www.gutenberg.org/ebooks/10592 |
| 942 | _cEB | ||
| 999 |
_c239847 _d239847 |
||